000 00972nam a2200277 i 4500
003 EG-GICUC
005 20260125124441.0
008 260125s1935 ne ||||fr|||| 00| 0 fre d
040 _aEG-GiCUC
_bfre
_cEG-GiCUC
_dEG-GiCUC
_eRda
041 0 _afre
082 0 4 _221
_a341.511
_bON
092 0 4 _221
099 _aLaw1 11 341.511 ON 1935
245 1 2 _aOnzième Rapport Annuel :
_bDe La Cour Permanente De Justice Internationale (15 Juin 1934 15 Juin 1935).
264 1 _aLeyde :
_bSociété D'éditions A. W. Sijthoff,
_c1935.
300 _a348 page,
_c 24 cm.
336 _2rda contenu
_a texte
337 _2rda medias
_aOrdinateur
338 _2 transporteur rda
_a Ressource en ligne
490 _aPublications De La Cour Permanente De Justice Internationale
_v Série En° 11
546 _aTexte en français
650 1 4 _aDroit international public
856 4 0 _uhttps://fll.law.cu.edu.eg/fulltext/bks/B11-05489.pdf
905 _a48
942 _2ddc
_cBK
_e21
_n0
999 _c59230
_d59230